Southville International School and Colleges
Your cart is empty.
  • Cart
  • Lists
    Public lists Eva Luna New books Lux_list list_1
    Your lists Log in to create your own lists
  • Log in to your account
  • Your cookies
  • Search history
Southville International School and Colleges
  • Advanced search
  • Recent comments
  • Most popular
  • Libraries

Log in to your account

Log in with GOOGLE


If you do not have an external account, but do have a local account, you can still log in:

  1. Home
  2. MARC view: A history of the Philippines :
Normal view MARC view ISBD view

A history of the Philippines : (Record no. 3423)

[ view plain ]
MARC details
000 -LEADER
fixed length control field 01068cam a22003377a 4500
001 - CONTROL NUMBER
control field 16339612
003 - CONTROL NUMBER IDENTIFIER
control field OSt
005 - DATE AND TIME OF LATEST TRANSACTION
control field 20140310181756.0
008 - FIXED-LENGTH DATA ELEMENTS--GENERAL INFORMATION
fixed length control field 100719s2010 nyuabf b 001 0 eng d
010 ## - LIBRARY OF CONGRESS CONTROL NUMBER
LC control number 2010281010
020 ## - INTERNATIONAL STANDARD BOOK NUMBER
International Standard Book Number 9781590202852
035 ## - SYSTEM CONTROL NUMBER
System control number (OCoLC)ocn426803504
040 ## - CATALOGING SOURCE
Original cataloging agency BTCTA
Transcribing agency BTCTA
Modifying agency OCO
-- YDXCP
-- ORX
-- CLE
-- BWX
-- DLC
042 ## - AUTHENTICATION CODE
Authentication code lccopycat
043 ## - GEOGRAPHIC AREA CODE
Geographic area code a-ph---
050 00 - LIBRARY OF CONGRESS CALL NUMBER
Classification number DS 668
Item number .F817 2010
082 04 - DEWEY DECIMAL CLASSIFICATION NUMBER
Classification number FIL 909
Item number F817 2010
100 1# - MAIN ENTRY--PERSONAL NAME
Personal name Francia, Luis,
Dates associated with a name 1945-
245 12 - TITLE STATEMENT
Title A history of the Philippines :
Remainder of title from Indio Bravos to Filipinos /
Statement of responsibility, etc Luis H. Francia
250 ## - EDITION STATEMENT
Edition statement 1st ed.
260 ## - PUBLICATION, DISTRIBUTION, ETC. (IMPRINT)
Place of publication, distribution, etc New York, NY :
Name of publisher, distributor, etc Overlook Press,
Date of publication, distribution, etc c2010.
300 ## - PHYSICAL DESCRIPTION
Extent 352 p. ;
Other physical details ill. ;
Dimensions 23 cm.
504 ## - BIBLIOGRAPHY, ETC. NOTE
Bibliography, etc Includes bibliographical references (p. [325]-332) and index.
521 ## - TARGET AUDIENCE NOTE
Target audience note
541 ## - IMMEDIATE SOURCE OF ACQUISITION NOTE
-- 1
562 ## - COPY AND VERSION IDENTIFICATION NOTE
Number of copies 1
651 #0 - SUBJECT ADDED ENTRY--GEOGRAPHIC NAME
Geographic name Philippines
General subdivision History.
906 ## - LOCAL DATA ELEMENT F, LDF (RLIN)
a 0
b ibc
c copycat
d 2
e ncip
f 20
g y-gencatlg
942 ## - ADDED ENTRY ELEMENTS (KOHA)
Source of classification or shelving scheme Library of Congress Classification
Koha item type
Call number prefix Filipininana
Holdings
Withdrawn status Lost status Source of classification or shelving scheme Damaged status Home library Current library Shelving location Date acquired Total Checkouts Total Renewals Full call number Barcode Date last seen Date checked out Copy number Price effective from Koha item type
    Library of Congress Classification   Luxembourg Library Luxembourg Library Filipiniana Section 06/29/2013 5 2 DS 668 .F817 2010 19002 12/14/2019 11/14/2019 1 06/29/2013 Books

A history of the Philippines :

APA

Francia L., . (2010). A history of the Philippines. New York, NY: Overlook Press.

Chicago

Francia Luis, . 2010. A history of the Philippines. New York, NY: Overlook Press.

Harvard

Francia L., . (2010). A history of the Philippines. New York, NY: Overlook Press.

MLA

Francia Luis, . A history of the Philippines. New York, NY: Overlook Press. 2010.

  • Place hold
  • Print
  • Cite
  • Add to your cart (remove)
  • Save record
    BIBTEX Dublin Core MARCXML MARC (non-Unicode/MARC-8) MARC (Unicode/UTF-8) MARC (Unicode/UTF-8, Standard) MODS (XML) RIS
  • More searches
    Search for this title in:
    Other Libraries (WorldCat) Other Databases (Google Scholar) Online Stores (Bookfinder.com) Open Library (openlibrary.org)

Exporting to Dublin Core...

SOUTHVILLE LIBRARY

Southville International School and Colleges Library

1281 Tropical Ave. Cor. Luxembourg St., BF Homes International, Las Pinas City

Tel. No. 8256374 / 252358 Loc. 117/146

Powered by Koha